01461nam a2200253 4500020001500000040000900015082001600024100004100040245011200081246004400193246004300237246004400280260004500324300001500369500001300384500001300397520062600410546001301036650002001049650002101069650004701090650005401137650001601191 a9695560326 cNSHS a297.57bFAZ1 aFaẓāl, Asmā ʿAlī Muḥammad1 aTaʿmīr-e shakhṣiyat meṅ ʿibādat kā kirdār /cMuʾallifah Asmā ʿAlī Muḥammad Faẓāl. aTamir-e shakhsiyat men ibadat ka kirdar aTamir-e shaksiat main ibadat ka kirdar aTameer-e shaksiat main ibadat ka kirdar aIslāmābād:bDaʿwah Academy,c2006 a130 pages. aDC010725 aReligion aTa‘mīr-e Shakhṣiyat meṅ ‘Ibādat kā Kirdār" (The Role of Worship in Personality Development) highlights how acts of worship—such as prayer, fasting, remembrance of God, and sincerity—play a vital role in shaping a person’s character. Worship helps develop inner peace, discipline, humility, and a sense of purpose. It strengthens moral values, builds self-control, and keeps a person connected to a higher moral framework. When practiced regularly, worship not only improves a person’s relationship with God but also positively influences their behavior, relationships, and decisions in daily life. aIn Urdu. 0aWorship (Islam) 0aIslamxDoctrines 0aSelf-cultivationxReligious aspectsxIslam 0aPersonality developmentxReligious aspectsxIslam 0aMuslim life